02223nam a2200325 a 4500001001200000003000800012006001900020007001500039008004100054010001700095020001800112020002700130040002100157035002100178050002600199082001700225245012400242260005300366300002600419504005100445505098700496533015201483650002701635650002801662655002901690700001801719710001701737856012601754999001701880ebr10660570CaPaEBRm o u cr cn|||||||||110520s2011 enka sb 001 0 eng d z 2011020211 z9781848213050 z9781118603505 (e-book) aCaPaEBRcCaPaEBR a(OCoLC)84434781114aHD38.7b.C6576 2011eb04a658.4/7222300aCompetitive intelligence 2.0h[electronic resource] :borganization, innovation and territory /cedited by Luc Quoniam. aLondon :bISTE ;aHoboken, N.J. :bWiley,c2011. axxiii, 372 p. :bill. aIncludes bibliographical references and index.0 aOrganisation -- Competitive intelligence 2.0 : a three-dimensional relationship -- Management 2.0 -- Sustainable development 2.0 : seeking for "the creation of shared values" -- Corporate education and web 2.0 -- Marketing 2.0 -- Innovation -- Parallax : a mindset 2.0 -- Competitive intelligence 2.0 tools -- Patent information 2.0, technology transfer, and resource development -- Industrial property : competitive weapon 2.0 (case study of Tenofovir) -- Innovation, serendipity 2.0, filing patents from biomedical -- Literature exploration -- Processing business news for detecting business innovation strategies -- Information property and liability in the 2.0 -- Territory and organisational reputation 2.0 -- Triple helix and territorial intelligence 2.0 -- Regional development 2.0 -- Government strategies of territorial intelligence 2.0 : support to SMEs-TPE -- University : catalyst for the implementation of competitive intelligence 2.0 in Africa (case study of Nigeria). aElectronic reproduction.bPalo Alto, Calif. :cebrary,d2015.nAvailable via World Wide Web.nAccess may be limited to ebrary affiliated libraries. 0aBusiness intelligence. 0aInformation technology. 7aElectronic books.2local1 aQuoniam, Luc.2 aebrary, Inc.40uhttp://site.ebrary.com/lib/rucke/Doc?id=10660570zAn electronic book accessible through the World Wide Web; click to view c67814d67814